|
|
|
|
| LEADER |
02257nam a2200613 a 4500 |
| 001 |
nkc20091867508 |
| 003 |
CZ PrNK |
| 005 |
20090917144618.0 |
| 007 |
ta |
| 008 |
090409s2009 xr acf e 000 1 cze |
| 015 |
|
|
|a cnb001867508
|
| 020 |
|
|
|a 978-80-7268-572-1
|q (váz.)
|
| 035 |
|
|
|a (OCoLC)321044430
|
| 040 |
|
|
|a ABA001
|b cze
|
| 045 |
|
|
|a w6x9
|a w-x-
|a x-x-
|
| 072 |
|
7 |
|a 821.162.3-3
|x Česká próza
|2 Konspekt
|9 25
|
| 080 |
|
|
|a 821.162.3-3
|2 MRF
|
| 080 |
|
|
|a 355.483(73)"1861/1865"
|2 MRF
|
| 080 |
|
|
|a 94-021.143
|2 MRF
|
| 080 |
|
|
|a 929
|2 MRF
|
| 080 |
|
|
|a (0:82-3)
|2 MRF
|
| 080 |
|
|
|a (0:82-96)
|2 MRF
|
| 080 |
|
|
|a (0.062)
|2 MRF
|
| 080 |
|
|
|a (082.21)
|2 MRF
|
| 100 |
1 |
|
|a Souček, Ludvík,
|d 1926-1978
|7 jk01120474
|4 aut
|
| 245 |
1 |
0 |
|a Rakve útočí ;
|b Zapomenuté rukopisy I. /
|c Ludvík Souček ; [editor Luboš Y. Koláček]
|
| 250 |
|
|
|a Vyd. 1.
|
| 260 |
|
|
|a Třebíč :
|b Akcent,
|c 2009
|
| 300 |
|
|
|a 311 s., [8] s. obr. příl. :
|b il. (některé barev.), portréty ;
|c 22 cm
|
| 648 |
|
4 |
|a 1861-1865
|
| 648 |
|
7 |
|a 19.-20. století
|7 ch757015
|2 czenas
|
| 648 |
|
7 |
|a 20. století
|7 ch460558
|2 czenas
|
| 650 |
0 |
7 |
|a americká občanská válka (1861-1865)
|7 ph237445
|2 czenas
|
| 650 |
0 |
7 |
|a události
|7 ph126858
|y 19.-20. století
|2 czenas
|
| 650 |
0 |
7 |
|a osobnosti
|7 ph115615
|y 20. století
|2 czenas
|
| 650 |
0 |
9 |
|a American civil war, 1861-1865
|2 eczenas
|
| 650 |
0 |
9 |
|a events
|y 19th-20th centuries
|2 eczenas
|
| 650 |
0 |
9 |
|a celebrities
|y 20th century
|2 eczenas
|
| 655 |
|
7 |
|a české prózy
|7 fd133972
|2 czenas
|
| 655 |
|
7 |
|a literatura faktu
|7 fd132773
|2 czenas
|
| 655 |
|
7 |
|a populárně-naučné publikace
|7 fd131864
|2 czenas
|
| 655 |
|
7 |
|a výbory
|7 fd133853
|2 czenas
|
| 655 |
|
9 |
|a Czech prose
|2 eczenas
|
| 655 |
|
9 |
|a non-fiction
|2 eczenas
|
| 655 |
|
9 |
|a popular works
|2 eczenas
|
| 655 |
|
9 |
|a selected works
|2 eczenas
|
| 700 |
1 |
|
|a Koláček, Luboš Y.,
|d 1960-
|7 pna2005261864
|4 edt
|
| 740 |
0 |
2 |
|a Zapomenuté rukopisy I.
|
| 856 |
4 |
1 |
|u http://www.digitalniknihovna.cz/mzk/uuid/uuid:adbfa8c0-df55-11e3-b110-005056827e51
|y Digitalizovaný dokument
|x NDK
|
| 910 |
2 |
|
|a BOA001
|b 2-1225.766
|
| 990 |
|
|
|a BK
|
| 995 |
|
|
|a 01
|
| 991 |
|
|
|b 200907
|
| 996 |
6 |
|
|b 2610383167
|c 2-1225.766
|l MZK
|r Sklad / do 1 hodiny
|n 0
|p p.v.
|w 001084487
|u 000010
|a 1
|e BOA001
|j MZK50
|s P
|